00286nam a2200121Ia 4500008004100000041000900041082001500050100001900065245002700084260003700111300000800148650000800156230718s9999 xx 000 0 und d aEng. a340bAWA-Q aAwan, Iqbal M. 0aQanon-E-Shahadat, 1984 aPakistanbMansoor law bookc2003 a339 aLaw